000
00346 a2200169 4500
001
186228
020
_a
85-357-0609-7
040
_c
Magnum
100
_a
Shakespeare, William
240
1
0
_a
Três amores
_l
por
245
1
0
_a
Três amores
300
_a
126
362
0
_a
2009
440
1
_a
Atual
697
_a
LITERATURA JUVENIL
942
_c
BK
999
_c
186228
_d
186228